Lecciones de filosofía moral y elocuencia ó Colección de los trozos más selectos de poesía, elocuencia, historia, religión... / (Record no. 157391)
[ view plain ]
| 000 -LEADER | |
|---|---|
| campo de control de longitud fija | 00893nam a2200205 4500 |
| 001 - NÚMERO DE CONTROL | |
| campo de control | 157391 |
| 003 - IDENTIFICADOR DE NÚMERO DE CONTROL | |
| campo de control | ES-MaACL |
| 005 - FECHA Y HORA DE LA ÚLTIMA TRANSACCIÓN | |
| campo de control | 20251011131939.0 |
| 008 - DATOS DE LONGITUD FIJA--INFORMACIÓN GENERAL | |
| campo de control de longitud fija | 950330s1820 fr |||| | spa d |
| 040 ## - FUENTE DE CATALOGACIÓN | |
| Centro catalogador/agencia de origen | EUS |
| Lengua de catalogación | spa |
| Centro/agencia transcriptor | EUS |
| 245 00 - MENCIÓN DEL TÍTULO | |
| Título | Lecciones de filosofía moral y elocuencia ó Colección de los trozos más selectos de poesía, elocuencia, historia, religión... / |
| Mención de responsabilidad, etc. | puestas en orden por Josef Marchena. |
| 260 ## - PUBLICACIÓN, DISTRIBUCIÓN, ETC. | |
| Lugar de publicación, distribución, etc. | Burdeos : |
| Nombre del editor, distribuidor, etc. | [s.n.], |
| Fecha de publicación, distribución, etc. | 1820 ( |
| Fabricante | Imprenta de Pedro Beaume) |
| 300 ## - DESCRIPCIÓN FÍSICA | |
| Extensión | 2 v. (CXLVII, 460; 656 p.) ; |
| Dimensiones | 20 cm. |
| 650 #7 - PUNTO DE ACCESO ADICIONAL DE MATERIA--TÉRMINO DE MATERIA | |
| Término de materia o nombre geográfico como elemento de entrada | Ética |
| Fuente del encabezamiento o término | embne |
| 9 (RLIN) | 12577 |
| 650 #7 - PUNTO DE ACCESO ADICIONAL DE MATERIA--TÉRMINO DE MATERIA | |
| Término de materia o nombre geográfico como elemento de entrada | Moral cristiana |
| Fuente del encabezamiento o término | embne |
| 9 (RLIN) | 142371 |
| 700 #1 - ENTRADA AGREGADA--NOMBRE PERSONAL | |
| Nombre de persona | Marchena, José, |
| Fechas asociadas al nombre | 1768-1821 |
| Término indicativo de función/relación | |
| 9 (RLIN) | 222782 |
| 752 ## - ENTRADA AGREGADA--NOMBRE JERÁRQUICO DEL LUGAR | |
| País o entidad superior | Francia - |
| Ciudad | Burdeos |
| 852 ## - LOCALIZACIÓN | |
| Ubicación | ES-MaACL |
| Número de control de estantería | G-10260 |
| Nota libre | -- Enc. hol. |
| condición física | -- Sólo T. II |
| Encuadernación | -- Edic.: corregir encabezamiento, debe entrar por el tít. -- T. II (656 p.) |
| Estatus retirado | Estado de pérdida | Estado de daño | No para préstamo | Colección | Biblioteca de origen | Biblioteca actual | Ubicación en estantería | Fecha de adquisición | Fuente de adquisición | Total de préstamos | Signatura topográfica completa | Código de barras | Visto por última vez | Precio de reemplazo | Tipo de ítem Koha |
|---|---|---|---|---|---|---|---|---|---|---|---|---|---|---|---|
| Libros del s. XIX | Biblioteca del Ateneo de Madrid | Biblioteca del Ateneo de Madrid | Sala Pecera Planta 3 | 17/01/2008 | G-10260 | 1164708 | 23/02/2023 | 23/02/2023 | Libro impreso antiguo |
